000 00551nam a2200193Ia 4500
008 140626s9999 xx 000 0 und d
100 _aBledow, Ronald.
245 _aDemand-perception and self-motivation as opponent processes :
_b a response to Bandura and Vancouver /
_cRonald Bledow.
260 _cc2013.
300 _a39 : 1, page 14
440 _aJournal of Management
521 _aBSBA
650 _aAffect.
650 _aDynamics.
650 _aMotivation.
650 _aSelf-efficacy.
650 _aSelf-regulation.
942 _cSE
999 _c121002
_d121002